00378 a2200145 450000100060000002000150000604000240002110000280004524000520007324500470012530000070017236200090017944000130018865000310020169872 a8535617086 cAnchieta - Itaigara aAragão, José Carlos10aA menina que inventou o branco-invisívellpor10aA menina que inventou o branco-invisível a400 a2006 1aPaulinas 4aLiteratura infanto-juvenil